000
00293nam a22001337a 4500
008
210226b ||||| |||| 00| 0 eng d
020
_a
9780805375978
041
_a
eng
080
_a
330.101.542
100
_a
52
101
_a
MIKRO
245
_a
Microbiology
_c
Tortora,J.G
942
_2
udc
_c
BK
999
_c
55291
_d
55291